All Saturday Night Live Cast Members With Photos - Statistics

General Stats
  • This quiz has been taken 33 times
  • The average score is 50 of 121
Answer Stats
Picture Answer % Correct
Adam Sandler
100%
Amy Poehler
92%
Bill Murray
88%
Seth Meyers
88%
Andy Samberg
84%
Chevy Chase
84%
Eddie Murphy
84%
Tina Fey
84%
Brian Doyle-Murray
80%
Chris Rock
80%
Colin Jost
80%
Dan Aykroyd
80%
Maya Rudolph
80%
Bill Hader
76%
Dana Carvey
76%
Jim Belushi
76%
John Belushi
76%
Kenan Thompson
76%
Will Ferrell
76%
Billy Crystal
72%
Chris Farley
72%
David Spade
72%
Jimmy Fallon
72%
Kristen Wiig
72%
Michael Che
72%
Bowen Yang
64%
Fred Armisen
64%
Martin Short
64%
Pete Davidson
64%
Julia Louis-Dreyfus
60%
Kate McKinnon
60%
Norm Macdonald
60%
Rachel Dratch
60%
Aidy Bryant
56%
Cecily Strong
56%
Gilda Radner
56%
Jon Lovitz
56%
Robert Downey Jr.
56%
Abby Elliot
52%
Ana Gasteyer
52%
Chloe Fineman
52%
Colin Quinn
52%
Jason Sudeikis
52%
Mike Meyers
52%
Heidi Gardner
48%
James Austin Johnson
48%
Kevin Nealon
48%
Sarah Sherman
48%
Andrew Dismukes
44%
Bobby Moynihan
44%
Chris Elliot
44%
Chris Kattan
44%
Chris Redd
44%
Dennis Miller
44%
Ego Nwodim
44%
Jane Curtin
44%
Leslie Jones
44%
Mikey Day
44%
Rob Schneider
44%
Tracy Morgan
44%
Beck Bennett
40%
Joe Piscopo
40%
Marcello Hernandez
40%
Melissa Villaseñor
40%
Molly Shannon
40%
Phil Hartman
40%
Punkie Johnson
40%
Tim Meadows
40%
Will Forte
40%
Cheri Oteri
36%
Chris Parnell
36%
Kyle Mooney
36%
Laraine Newman
36%
Michael Longfellow
36%
Randy Quaid
36%
Alex Moffat
32%
Anthony Michael Hall
32%
Nasim Pedrad
32%
Brad Hall
28%
Garrett Morris
28%
Jay Pharoah
28%
Rich Hall
28%
Vanessa Bayer
28%
Victoria Jackson
28%
Devon Walker
24%
Horatio Sanz
24%
Sasheer Zamata
24%
Taran Killam
24%
Darrell Hammond
20%
Jan Hooks
20%
Ellen Cleghorne
16%
Joan Cusack
16%
Michael McKean
16%
Michael O'Donoghue
16%
Christine Ebersole
8%
Christopher Guest
8%
David Koechner
8%
Finesse Mitchell
8%
Janeane Garofalo
8%
Julia Sweeney
8%
Mary Gross
8%
Nancy Carell
8%
Robin Duke
8%
Terry Sweeney
8%
Tim Kazurinsky
8%
Charles Rocket
4%
Danitra Vance
4%
Denny Dillon
4%
Gary Kroeger
4%
George Coe
4%
Harry Shearer
4%
Jim Breuer
4%
Mark McKinney
4%
Melanie Hutsell
4%
Morwenna Banks
4%
Pamela Stephenson
4%
Ann Risley
0%
Gail Matthius
0%
Gilbert Gottfreid
0%
Jeff Richards
0%
Tony Rosato
0%
No matching quizzes found
Score Distribution
Percent of People with Each Score
Percentile by Number Answered
Your Score History
You have not taken this quiz